Uncertain detente /

Bibliographic Details
Corporate Author: Colloquium of the Institute on Uncertain Détente
Other Authors: Alting von Geusau, Frans Alphons Maria, 1933-, Aćimović, Ljubivoje
Format: Conference Proceeding Book
Language:English
French
Published: Alphen aan den Rijn, The Netherlands : Sijthoff & Noordhoff, 1979.
Series:Publications of the John F. Kennedy Institute, Center for International Studies.
Subjects:

MARC

Tag First Indicator Second Indicator Subfields
LEADER 00000cam a2200000 a 4500
001 in00000088639
005 20151008065155.0
008 811023s1979 ne b 10100 engm
010 |a  81481508  
015 |a Ne*** 
020 |a 9028608184 
035 |a (OCoLC)07945768 
035 |9 AAK5484AM 
040 |a DLC  |c DLC  |d m.c.  |d TXA  |d UtOrBLW 
041 0 |a eng  |a fre 
049 |a TXAM  |c [387616] 
050 0 0 |a JX1393.D46  |b C64 
082 0 |a 327/.09047  |2 19 
245 0 0 |a Uncertain detente /  |c edited by Frans A.M. Alting von Geusau ; with contributions from L. Acimovic ...[and others]. 
264 1 |a Alphen aan den Rijn, The Netherlands :  |b Sijthoff & Noordhoff,  |c 1979. 
300 |a xix, 310 pages ;  |c 25 cm. 
336 |a text  |b txt  |2 rdacontent 
337 |a unmediated  |b n  |2 rdamedia 
338 |a volume  |b nc  |2 rdacarrier 
490 1 |a Publications of the John F. Kennedy Institute, Center for International Studies, Tilburg, The Netherlands 
500 |a English or French. 
500 |a 10th anniversary Colloquium of the Institute on Uncertain D'etente, held on April 20-23, 1977. 
504 |a Includes bibliographical references and index. 
611 2 0 |a Conference on Security and Cooperation in Europe  |d (1975 :  |c Helsinki, Finland)  |x Congresses. 
650 0 |a Detente  |v Congresses. 
700 1 |a Alting von Geusau, Frans Alphons Maria,  |d 1933- 
700 1 |a Aćimović, Ljubivoje. 
711 2 |a Colloquium of the Institute on Uncertain Détente  |d (1977 :  |c John F. Kennedy Institute, Netherlands) 
830 0 |a Publications of the John F. Kennedy Institute, Center for International Studies. 
999 |a MARS 
999 f f |s b6b8feb2-eb84-3e62-a7a7-5267c4b4cdf9  |i 618a16e6-7711-3c83-9b05-8e09b9cca780  |t 0 
952 f f |p ric  |a Texas A&M University  |b Rellis Campus  |c Joint Library Facility  |d Remote Storage  |t 0  |e JX1393.D46 C64  |h Library of Congress classification  |i unmediated -- volume  |m A14806152886 
998 f f |a JX1393.D46 C64  |t 0  |l Remote Storage